UBT Library

Psychiatric nursing: (Record no. 1598)

000 -LEADER
fixed length control field 00327nam a22001217a 4500
008 - FIXED-LENGTH DATA ELEMENTS--GENERAL INFORMATION
fixed length control field 160426b xxu||||| |||| 00| 0 eng d
020 ## - INTERNATIONAL STANDARD BOOK NUMBER
International Standard Book Number 9780815177975
020 ## - INTERNATIONAL STANDARD BOOK NUMBER
International Standard Book Number 0815177976
041 ## - LANGUAGE CODE
Language code of text/sound track or separate title eng
080 ## - UNIVERSAL DECIMAL CLASSIFICATION NUMBER
Universal Decimal Classification number 618.2
245 ## - TITLE STATEMENT
Title Psychiatric nursing:
Statement of responsibility, etc Gail Wiscarz Stuart; Sandra J. Sundeen; Student Worksheets;
942 ## - ADDED ENTRY ELEMENTS (KOHA)
Source of classification or shelving scheme
Item type Books
Holdings
Withdrawn status Lost status Source of classification or shelving scheme Damaged status Not for loan Collection code Permanent location Current location Shelving location Date acquired Total Checkouts Full call number Barcode Date last seen Price effective from Koha item type
          Koleksioni i përgjithshem UBT - Lipjan UBT - Lipjan Koleksioni i përgjithshem 04/26/2016   618.2 STU 002-027861 12/29/2016 04/26/2016 Books
UBT Library © 2015-2024. All rights reserved University Education for Business and Technology